Guia del Parc de la Serralada Litoral : EIN la Conreria-Sant Mateu-Céllecs / EIN la Conreria-Sant Mateu-Céllecs /
ISBN:
84-7306-793-2
Descripción Física:
124 pàgines : il·lustracions ; 22 cm
Colección:
Pòrtic guies
Materias:
Espai Natural de la Conreria-Sant Mateu-Céllecs (Catalunya) -- Guies
; Parc de la Serralada de Marina (Catalunya) -- Guies
; Excursionisme -- Parc de la Serralada Litoral
Idioma:
Catalán
MARC
| LEADER | 00000nam a2200000uc 4500 | ||
|---|---|---|---|
| 001 | 25012897 | ||
| 008 | s2004||||sp ||||gr|||| ||| ||cat|d | ||
| 020 | |a 84-7306-793-2 | ||
| 040 | |a BGR |b cat | ||
| 245 | 0 | 0 | |a Guia del Parc de la Serralada Litoral : |b EIN la Conreria-Sant Mateu-Céllecs / |c edició: Anna Pérez i Mir i Xavier de Juan |
| 250 | |a Primera edició | ||
| 260 | |a Barcelona : |b Pòrtic, |c octubre del 2004 | ||
| 300 | |a 124 pàgines : |b il·lustracions ; |c 22 cm | ||
| 490 | |a Pòrtic guies | ||
| 610 | 2 | 0 | |a Espai Natural de la Conreria-Sant Mateu-Céllecs (Catalunya) |v Guies |9 53641 |
| 610 | 1 | 0 | |a Parc de la Serralada de Marina (Catalunya) |v Guies |9 52709 |
| 650 | 1 | 0 | |a Excursionisme |9 39873 |2 Arxiu |x Parc de la Serralada Litoral |
| 700 | |9 53642 |a Pérez i Mir, Anna |e editor literari | ||
| 700 | |9 53643 |a Juan, Xavier de |e editor literari | ||
| 942 | |c ARXIU |2 udc |n 1 | ||
| 952 | |0 0 |1 0 |4 0 |6 BIB720 |7 1 |9 62561 |a Arxiu |b Arxiu |d 2022-06-29 |l 0 |o Bib-720 |p 26080 |r 2022-06-29 00:00:00 |w 2022-06-29 |y ARXIU | ||
| 999 | |c 19765 |d 19765 | ||